000 00640nam a2200277Ia 4500
005 20260324134232.0
008 008 260324s9999 xx 000 0 eng d
020 _a9780203996614
037 _aEBOOK
040 _aCRL
040 _beng
040 _cCRL
041 _2eng
041 _aeng
084 _qCRL
100 _aJeremiah B. McCall
_91196073
245 4 _aThe Cavalry of the Roman Republic
260 _bTaylor and Francis
260 _c2002
365 _a
365 _b230
856 _uhttp://www.taylorfrancis.com/books/9780203996614
942 _cEBOOK
999 _c1795922
_d1795922